[Event "GER-chT School WK GS"]
[Site "Playchess.com INT"]
[Date "2020.06.18"]
[Round "6.4"]
[White "Klaeber, Lara"]
[Black "Von Mettenheim, Constantin"]
[Result "1-0"]
[WhiteElo "1525"]
[BlackElo "1520"]
[PlyCount "21"]
[EventDate "2020.06.11"]
[EventType "team-swiss (blitz)"]
[EventRounds "7"]
[EventCountry "GER"]
[SourceTitle "EXT 2021"]
[Source "ChessBase"]
[SourceDate "2020.10.23"]
[SourceVersion "1"]
[SourceVersionDate "2020.10.23"]
[SourceQuality "1"]
[WhiteTeam "Auwald Sachs"]
[BlackTeam "Hannover Wasserk NI"]
[WhiteTeamCountry "GER"]
[BlackTeamCountry "GER"]

1. e4 e5 2. d4 f6 3. Nf3 exd4 4. c3 dxc3 5. Nxc3 Nc6 6. Bc4 Bc5 7. 0-0 d6 8. Re1 Bg4 9. Qb3 Rb8 10. Bxg8 Na5 11. Qf7# 1-0